[Event "Rochefort op 4th"]
[Site "Rochefort"]
[Date "2005.??.??"]
[Round "3"]
[White "Kozlov, Alexander"]
[Black "Nafri, Said"]
[Result "1-0"]
[WhiteElo "2179"]
[BlackElo "2000"]
[PlyCount "117"]
[EventDate "2005.02.16"]
[EventType "swiss"]
[EventRounds "7"]
[EventCountry "FRA"]
[SourceTitle "EXT 2006"]
[Source "ChessBase"]
[SourceDate "2005.11.24"]
[SourceVersion "1"]
[SourceVersionDate "2005.11.24"]
[SourceQuality "1"]

1. d4 Nf6 2. c4 g6 3. Nc3 d5 4. cxd5 Nxd5 5. Bd2 Bg7 6. e4 Nxc3 7. Bxc3 0-0 8. Nf3 c5 9. Be2 Nc6 10. d5 Na5 11. Qd2 Bxc3 12. bxc3 b6 13. 0-0 Bg4 14. Ne5 Bxe2 15. Qxe2 f6 16. Ng4 Nb7 17. c4 Nd6 18. e5 Nf5 19. exf6 exf6 20. Rfe1 Kg7 21. Qd2 Qd7 22. Ne3 Nd4 23. Nc2 Nf5 24. a4 Nd6 25. Ne3 Rfe8 26. a5 Rab8 27. axb6 axb6 28. Qc2 Re4 29. h3 Rbe8 30. Reb1 Qc7 31. Qb3 Nc8 32. Qb5 Qf4 33. Qc6 R4e7 34. Rd1 Rd8 35. Qb5 Qc7 36. Qb3 Nd6 37. Rab1 Rb8 38. Qc2 Ne4 39. d6 Nxd6 40. Nd5 Qd8 41. Nxe7 Qxe7 42. Qd3 Nf5 43. Qd7 Kf8 44. Qxe7+ Kxe7 45. Rd5 Nd4 46. Rxc5 bxc5 47. Rxb8 h5 48. Rc8 Ne6 49. h4 g5 50. Rh8 Ng7 51. g3 Kf7 52. hxg5 fxg5 53. Rh6 Ke7 54. Kf1 Kf7 55. Ke1 Ke7 56. Kd2 h4 57. gxh4 Nf5 58. hxg5 Nd4 59. Rf6 1-0

[Event "Rochefort op 4th"]
[Site "Rochefort"]
[Date "2005.??.??"]
[Round "2"]
[White "Nafri, Said"]
[Black "Bronznik, Valerij"]
[Result "0-1"]
[WhiteElo "2000"]
[BlackElo "2398"]
[PlyCount "75"]
[EventDate "2005.02.16"]
[EventType "swiss"]
[EventRounds "7"]
[EventCountry "FRA"]
[SourceTitle "EXT 2006"]
[Source "ChessBase"]
[SourceDate "2005.11.24"]
[SourceVersion "1"]
[SourceVersionDate "2005.11.24"]
[SourceQuality "1"]

1. c4 f5 2. Nc3 Nf6 3. g3 g6 4. Bg2 Bg7 5. d4 0-0 6. Nf3 d6 7. 0-0 Qe8 8. Re1 Qf7 9. Qb3 h6 10. h3 Ne4 11. Be3 Nxc3 12. Qxc3 g5 13. Rad1 Nc6 14. Rf1 f4 15. Bc1 fxg3 16. fxg3 Qg6 17. Kh2 Bf5 18. b4 a6 19. a3 Bc2 20. Rd2 Be4 21. Bb2 e5 22. d5 Ne7 23. Qe3 Bc2 24. c5 Nf5 25. Qc3 Ba4 26. e4 Nd4 27. Qe3 Nc2 28. Qc3 Nd4 29. Qe3 Rae8 30. Rdf2 Bb5 31. Re1 Nxf3+ 32. Rxf3 Rxf3 33. Bxf3 h5 34. Bg2 g4 35. h4 Bh6 36. Qc3 Rf8 37. cxd6 cxd6 38. Qc7 0-1